1912 1681 1531 1619 1468 1675 1543 1395 1952 1177 1827 1229 1508 1833 1444 1314 1569 1237 1782 1828 1201 1348 1791 1614 1028 1826 1278 1136 1025 1482 1893 1825 1791 1562 1918 1823 1892 1863 1914 1424 1267 1798 1306 1332 1904 1802 1610 1257 1689 1974 1208 1726 1968 1783 1063 1824 1457 1876 1556 1095 1022 1255 1524 1034 1332 1820 1805 1640 1133 1653 1629 1527 1098 1851 1612 1114 1843 1268 1883 1580 1310 1755 1946 1886 1818 1275 1014 1533 1206 1768 1329 1453 1251 1539 1023 1348 1519 1447 1498 BCNSPRNW ULIB Ver.6.0+V

เปลี่ยนเป็นภาษาไทย

Change to English
 แสดงรายละเอียดบรรณานุกรม
  กลับหน้าหลัก

Brief Record : Get Marc (ISO 2709) : E-mail record : QR code < ปิดหน้าต่าง
LEADER : 00000nam 2200000uu 4500
001    13399108918
003     ULIB
008    110316s2544||||th 000 0 tha d
020    9742960461
060 04 W225.JT3^bข282น 2544
245 00 ข้อเสนอระบบหลักประกันสุขภาพถ้วนหน้า /^cจัดทำโดยคณะทำงานพัฒนานโยบายหลักประกันสุขภาพถ้วนหน้า
250    พิมพ์ครั้งที่ 1
260    นนทบุรี :^bสถาบันวิจัยระบบสาธารณสุข,^c2544
300    ix, 126 หน้า ;^c26 ซม.
650  2 Insurance, Health^zThailand
650  2 Medically Uninsured^zThailand
650  7 บริการทางการแพทย์
650  7 ประกันสุขภาพ^zไทย
710 2  คณะทำงานพัฒนานโยบายหลักประกันสุขภาพถ้วนหน้า
710 2  สถาบันวิจัยระบบสาธารณสุข
945    ^p95^l0^i015662
995    ทศพร
999 ^a ใช้งานได้ทุกระบบ
รายการนี้ยังไม่มีแท็ก
คุณยังไม่ได้ล็อกอิน คุณสามารถมีกิจกรรมร่วมกับเว็บไซต์ได้ แต่ต้องล็อกอินก่อน ::
  ล็อกอิน

รายการสื่อสารสนเทศ

ลำดับที่ ประเภท เลขเรียก/บาร์โค้ด สถานที่ สถานะ
- ไม่พบข้อมูล -

รายการใกล้เคียง
    หัวเรื่อง [บริการทางการแพทย์]

BibComment


ยังไม่เคยถูกคอมเมนท์

คอมเมนท์ทรัพยากรรายการนี้
  คอมเมนท์: ข้อเสนอระบบหลักปร..


 Copyright 2026. Bcnsprnw @Library